00654nam a2200241 a 4500001001300000003000900013005001700022008004100039020001000080082001600090100002000106245001800126260003000144300000900174500003500183505001000218650001800228700002000246902000800266942000700274952011600281999001500397nice12345678IN_TiNIC20260116012127.0050524s1898 teha grp 000 0 per  ac10000a297.82bALM aAlmani, Shaheed aTareekh Shiah aTehranbIqbal Pressc1898 a183p aincludes index and biblioraphy2 aIndex aShiah-History1 aAlmani, Shaheed bSRS cBK 001040708StackRoom-aHMIbHMId2007-06-28g100.00l0o297.82 ALMp09011r2007-06-28v100.00w2005-05-24yBK c5750d5750